De todas las flores /
Сохранить в:
| Главный автор: | |
|---|---|
| Другие авторы: | , |
| Формат: | |
| Язык: | испанский |
| Опубликовано: |
México :
Aguilar,
2025, c2025
|
| Предметы: | |
| Метки: |
Нет меток, Требуется 1-ая метка записи!
|
MARC
| LEADER | 00000nam^a2200000^a^4500 | ||
|---|---|---|---|
| 001 | 000625526 | ||
| 005 | 20251208000000.0 | ||
| 009 | 20260310134018.18 | ||
| 020 | |a 978-607-385-774-1 | ||
| 037 | |a Acervo ITESO - Biblioteca | ||
| 041 | |a ESP | ||
| 082 | |a 787. 30972 |b LAF | ||
| 100 | |a Lafourcade, Natalia |e (autor) | ||
| 245 | 1 | 0 | |a De todas las flores / |c N. Lafourcade ; texto de E. Liceaga ; fotografía de M.M.Evans... [et al.] ; tr. por Anne Lawrie. |
| 264 | 4 | |a México : |b Aguilar, |c 2025, c2025 | |
| 300 | |a 213 p., [22 láminas] | ||
| 336 | |a texto |b txt |2 rdacontenido | ||
| 337 | |a sin mediación |b n |2 rdamedio | ||
| 338 | |a volumen |b nc |2 rdasoporte | ||
| 521 | |a Librerías 2025 Gandhi | ||
| 546 | |a Edición bilingüe español-inglés | ||
| 649 | |a XX | ||
| 650 | |a Cantantes Mexicanos - |x Memorias | ||
| 650 | |a Cantantes Mexicanos - |x Fotografías | ||
| 650 | |a Músicos Mexicanos - |x Memorias | ||
| 650 | |a Músicos Mexicanos - |x Fotografías | ||
| 650 | |a Mujeres Mexicanas - |x Memorias | ||
| 650 | |a Mujeres Mexicanas - |x Fotografías | ||
| 650 | |a Cancioneros - |z México - |x Tema Principal | ||
| 650 | |a Literatura Autobiográfica - |z México | ||
| 650 | |a Libros de Fotografía | ||
| 650 | |a Canción de Autor - |z México - |x Tema Principal | ||
| 650 | |a Canción Popular - |z México | ||
| 650 | |a Música Mexicana - |y Siglo XX | ||
| 650 | |a Música y Literatura - |z México | ||
| 650 | |a Música Popular Moderna - |z México | ||
| 600 | |a Lafourcade, Natalia | ||
| 700 | |a Liceaga, Elvira |e (texto) | ||
| 700 | |a Evans, Maureen M |e (fotógrafo) | ||
| 910 | |a Fondo General | ||
| 920 | |a Impresos - Libros | ||
| 930 | |a Colección General | ||
| 905 | |a 101 | ||
| 901 | |a 625526-10 |b IT1 |c ACC |i C191276 |u 20251208 | ||
| 902 | |a https://opac.biblio.iteso.mx/vufind/Record/000625526 | ||